000 00792nam a22002297a 4500
005 20160602150021.0
010 _aENG-115189
020 _a9789351503873
_c395.00
035 _aEN-98721
037 _bDBAD/PUB
082 0 0 _a658.314
_223
100 1 _aBhattacharyya, Dipak Kumar
245 1 4 _aThe magnetic organization :
_battracting and retaining the best talent /
_cby Dipak Kumar Bhattacharyya
260 _aNew Delhi
_bSAGE Publications
_c2015
270 _aB1/I-1 Mohan Cooperative Industrial Area, Mathura Road
_bNew Delhi
_e110044
300 _axviii,193p.
_c22cm(pbk)
500 _aIncludes bibliographical references
650 0 _aEmployee selection.
650 0 _aEmployee retention.
650 0 _aPersonnel management.
942 _2ddc
_cEN
_h658.314
_mBHA
999 _c100160
_d100160